University Home | Library Home | Institutional Repository

To hang a rebel / (Record no. 136726)

MARC details
000 -LEADER
fixed length control field 00683cam4a220022900 4500
001 - CONTROL NUMBER
control field lce00226998
008 - FIXED-LENGTH DATA ELEMENTS--GENERAL INFORMATION
fixed length control field 770501s1977 onca j 000 1 eng d
010 ## - LIBRARY OF CONGRESS CONTROL NUMBER
LC control number cn 77001284
015 ## - NATIONAL BIBLIOGRAPHY NUMBER
National bibliography number C770012841
020 ## - INTERNATIONAL STANDARD BOOK NUMBER
Terms of availability
Field link and sequence number .95
035 ## - SYSTEM CONTROL NUMBER
System control number (Sirsi) r9780
035 ## - SYSTEM CONTROL NUMBER
System control number (DLC)cn 77001284
035 ## - SYSTEM CONTROL NUMBER
System control number (UPRA)lce00226998
040 ## - CATALOGING SOURCE
Original cataloging agency CaOTY
Language of cataloging eng
Transcribing agency CaOONL
Modifying agency CaOONL
055 02 - CLASSIFICATION NUMBERS ASSIGNED IN CANADA
Classification number PS8589*
082 ## - DEWEY DECIMAL CLASSIFICATION NUMBER
Classification number C813/.5/4
100 1# - MAIN ENTRY--PERSONAL NAME
Personal name Turner, D. Harold, 1912-
Dates associated with a name Turner, D. Harold, 1912-
Linkage A63105.1
245 10 - TITLE STATEMENT
Title To hang a rebel /
Statement of responsibility, etc. D. Harold Turner ; ill. Merle Smith.
260 ## - PUBLICATION, DISTRIBUTION, ETC.
Place of publication, distribution, etc. Ottawa :
Name of publisher, distributor, etc. Gage Pub.,
Date of publication, distribution, etc. 1977.
949 ## - LOCAL PROCESSING INFORMATION (OCLC)
a PR9199.3.T87
w lcc
i 33729005767335
m MAIN
t BOOK
l ON-SHELF

No items available.

© 2026 - The University of Zambia Library - Koha v25.11